[Event "European Team Championship"]
[Site "Heraklion"]
[Date "2017.11.03"]
[Round "6.2"]
[White "Sousa, Andre Ventura"]
[Black "Thybo, Jesper Sondergaard"]
[Result "1/2-1/2"]
[WhiteElo "2405"]
[BlackElo "2479"]
[PlyCount "118"]
[EventDate "2017.10.28"]
[EventType "team-swiss"]
[EventRounds "9"]
[EventCountry "GRE"]
[WhiteTeam "Portugal"]
[BlackTeam "Denmark"]
[WhiteTeamCountry "POR"]
[BlackTeamCountry "DEN"]

1. e4 e6 2. d4 d5 3. Bd3 dxe4 4. Bxe4 Nf6 5. Bf3 c5 6. Ne2 Nc6 7. Be3 cxd4 8.
Nxd4 Ne5 9. Nc3 Bb4 10. Ndb5 Nxf3+ 11. Qxf3 O-O 12. a3 Bxc3+ 13. Nxc3 Bd7 14.
Bg5 Bc6 15. Qg3 Kh8 16. O-O Qa5 17. Qh4 Nd5 18. Ne4 f6 19. Bd2 Qc7 20. Rfe1 e5
21. c4 Ne7 22. Bb4 Ng6 23. Qg3 Rfd8 24. Bc3 a5 25. Qe3 Nf4 26. Rad1 Rxd1 27.
Rxd1 Ba4 28. Rd2 Qxc4 29. Nd6 Qa2 30. h3 Bc6 31. f3 Qe6 32. Qc5 a4 33. Nc4 h6
34. Ne3 Re8 35. Rd6 Qf7 36. Kh2 Qg6 37. Qc4 e4 38. fxe4 Bxe4 39. Ng4 h5 40. Qf1
hxg4 41. Qxf4 gxh3 42. Qh4+ Kg8 43. Qxh3 Qg5 44. Qg3 Qh5+ 45. Qh3 Qc5 46. Re6
Qc8 47. Rxe8+ Qxe8 48. Qg4 Kf8 49. Bb4+ Kf7 50. Qh5+ g6 51. Qh7+ Ke6 52. Qh3+
f5 53. Qh6 Qb8+ 54. Kh3 Qe8 55. Kh2 Qb8+ 56. g3 Qg8 57. Bc3 Kd5 58. Qg7 Qxg7
59. Bxg7 Kc4 1/2-1/2